00310pab a2200133 454500008004000000100001400040245003500054260000900089300001200098362000800110650002300118650002400141773001100165180718b2000 xxu||||| |||| 00| 0 eng d aRai, Usha aEating into the green reserves c2000 ap.46-48 aAug aIndia - Population aPopulation increase aYojana